000 00500nam a22001577a 4500
020 _a8181110692
082 _aH1
_bSHI/C
100 _aShivsankar Sharma 'Rakesh'
_946735
245 _aChandra-dhanu ke rang gahare/
_cby Shivsankar Sharma 'Rakesh'
260 _aMadhura:
_bJawahar Pusthakalay,
_c2007.
300 _a112p.
650 _aPoetry Hindi
_946736
650 _aLiterature Hindi
_946737
650 _aLiterature
_946738
942 _cBK
999 _c71670
_d71670